Fr. Conceicao Rodrigues College of Engineering

E-marketing for beginners (Record no. 31491)

MARC details
000 -LEADER
fixed length control field 00334nam a2200169Ia 4500
082 ## - DEWEY DECIMAL CLASSIFICATION NUMBER
Item number GAD
100 ## - MAIN ENTRY--PERSONAL NAME
Personal name Gadkari/Prasad
245 ## - TITLE STATEMENT
Title E-marketing for beginners
260 ## - PUBLICATION, DISTRIBUTION, ETC.
Name of publisher, distributor, etc. Shroff
Date of publication, distribution, etc. 2013
366 ## - TRADE AVAILABILITY INFORMATION
Publishers's discount category 20
300 ## - PHYSICAL DESCRIPTION
Extent 147
546 ## - LANGUAGE NOTE
Language note ENGLISH
650 ## - SUBJECT ADDED ENTRY--TOPICAL TERM
Topical term or geographic name entry element E marketing
654 ## - SUBJECT ADDED ENTRY--FACETED TOPICAL TERMS
Focus term e-marketing
942 ## - ADDED ENTRY ELEMENTS (KOHA)
Koha item type BOOK
Holdings
Withdrawn status Lost status Damaged status Not for loan Collection Home library Current library Date acquired Source of acquisition Cost, normal purchase price Inventory number Total Checkouts Full call number Barcode Date last seen Cost, replacement price Price effective from Koha item type
        CRC Fr. Agnel's C.Rodrigues College of Engineering Fr. Agnel's C.Rodrigues College of Engineering 17/03/2023 Shroff Publishers 200.00 4112 dt 20.01.2018   GAD 25066 17/03/2023 250.00   BOOK